000 01495ngm a2200373Ic 4500
001 a5366
003 DO-SdBNP
005 20160715091000.0
007 a5366
008 130618s2011 mx g vlspa
015 _a
017 _a
_b
020 _a9789705802034
035 _a
040 _aBPMSU
_bspa
_cBPMSU
_e
084 _a
_2
100 _aIturralde, Edma
245 1 0 _aLágrimas negras /
_cEdna Iturralde ; ilustraciones Díaz Consuegra
260 _aMéxico :
_bAlfaguara,
_c2011
300 _a130 p. :
_b il. ;
_c21 cm.
490 _aAlfaguara juvenil
500 _a Reimpresión 2011
511 1 _aAriadna Gil, Fele Martínez, Elena Anaya, Ana Risueño, Elvira Mínguez
518 _aLargometraje realizado en 1998 en España
520 3 _aMientras regresa a casa, después de despedirse de su novia, Andrés es atracado por dos mujeres. Cuando, algún tiempo después, se encuentra con una de ellas, una joven desequilibrada de familia acomodada, surge en Andrés una obsesión incontrolable que imprime a su vida un giro inesperado que lo conducirá a abandonar todo cuanto posee
521 _aNo recomendada a menores de 18 años
586 _aGalardonada en la Seminci (1998)
655 7 _aDrama cinematográfico
_zEspaña
_2tgfbne
700 _aConsuegra, Díaz
_eil.
711 2 _aSemana Internacional de Cine de Valladolid
_n43ª
_d1998
830 _aAlfaguara juvenil
942 _2ddc
_cBK
956 _aVMATEO
_b10
_c20160715
_dBPMSU
_f00069
999 _c10891
_d10891